LIBRARY & INFORMATION CENTRE, KCAET, TAVANUR

ONLINE PUBLIC ACCESS CATALOGUE (OPAC)

Roman sahitya charithram / (Record no. 4909)

MARC details
000 -LEADER
fixed length control field 00531cam a2200193ua 4500
041 ## - LANGUAGE CODE
Language code of text/sound track or separate title mal
082 ## - DEWEY DECIMAL CLASSIFICATION NUMBER
Classification number 859
Item number KRI/RO
100 ## - MAIN ENTRY--AUTHOR NAME
Personal name Krishna, Chaithanya .
245 ## - TITLE STATEMENT
Title Roman sahitya charithram /
260 ## - PUBLICATION, DISTRIBUTION, ETC. (IMPRINT)
Place of publication Kottayam :
Name of publisher Sahitya Pravarthaka Co-operative Society ,
Year of publication 1961.
300 ## - PHYSICAL DESCRIPTION
Number of Pages 262 ; .
490 0# - SERIES STATEMENT
Series statement Viswasahityadarsanam,
Volume number/sequential designation 4
942 ## - ADDED ENTRY ELEMENTS (KOHA)
Koha item type Books
Holdings
Withdrawn status Lost status Damaged status Home library Current library Date acquired Full call number Accession Number Koha item type
Withdrawn     KAUAET Malayalam University 07/04/2012 859 364 Books
free website counter